000 00354nam a2200145Ia 4500
008 090124s9999 xx 000 0 und d
082 _b300945
245 _a अभागी
250 _a1
260 _bसिनकर श्रीकांत
_c1983
300 _a209
630 _a अभागी
730 _a अभागी
942 _cBOOK
999 _c190499
_d190499